000 01376nam a22003254a 4500
001 ebr10021412
003 CaPaEBR
006 m u
007 cr cn|||||||||
008 011105s2002 enka sb 001 0 eng
010 _z 2001052856
020 _z0521813999
040 _aCaPaEBR
_cCaPaEBR
035 _a(OCoLC)52613679
050 1 4 _aPN671
_b.G74 2002eb
082 0 4 _a809.3/02
_221
100 1 _aGreen, D. H.
_q(Dennis Howard),
_d1922-2008.
245 1 4 _aThe beginnings of medieval romance
_h[electronic resource] :
_bfact and fiction, 1150-1220 /
_cD.H. Green.
260 _aCambridge, UK ;
_aNew York :
_bCambridge University Press,
_c2002.
300 _axiii, 292 p. :
_bill.
490 1 _aCambridge studies in medieval literature ;
_v47
504 _aIncludes bibliographical references (p. 259-285) and index.
533 _aElectronic reproduction.
_bPalo Alto, Calif. :
_cebrary,
_d2013.
_nAvailable via World Wide Web.
_nAccess may be limited to ebrary affiliated libraries.
650 0 _aRomances
_xHistory and criticism.
650 0 _aLiterature, Medieval
_xHistory and criticism.
655 7 _aElectronic books.
_2local
710 2 _aebrary, Inc.
830 0 _aCambridge studies in medieval literature ;
_v47.
856 4 0 _uhttp://site.ebrary.com/lib/rucke/Doc?id=10021412
_zAn electronic book accessible through the World Wide Web; click to view
999 _c25036
_d25036